[Event "Göteborg Open 2017"]
[Site "Mölnlycke kulturhus, Biblioteksgatan 2, Mölnlycke, Sweden"]
[Date "2017.08.18"]
[Round "2.2"]
[White "Gritsak, Orest"]
[Black "Troberg Eskola, Love"]
[Result "1-0"]
[BlackElo "2016"]
[WhiteElo "2474"]
[LiveChessVersion "1.4.8"]

1. Nf3 {[%clk 0:15:08]} f5 {[%clk 0:15:09]} 2. b3 {[%clk 0:15:07]} d6
{[%clk 0:15:05]} 3. d4 {[%clk 0:15:10]} g6 {[%clk 0:15:02]} 4. Bb2
{[%clk 0:15:07]} Bg7 {[%clk 0:15:05]} 5. g3 {[%clk 0:15:09]} Nf6 {[%clk 0:15:08]}
6. Bg2 {[%clk 0:15:11]} O-O {[%clk 0:15:11]} 7. Nbd2 {[%clk 0:15:14]} Nfd7
{[%clk 0:14:41]} 8. e4 {[%clk 0:14:32]} e5 {[%clk 0:12:36]} 9. dxe5
{[%clk 0:13:35]} Nxe5 {[%clk 0:12:21]} 10. Nxe5 {[%clk 0:13:25]} dxe5
{[%clk 0:10:59]} 11. Nc4 {[%clk 0:12:47]} Qe8 {[%clk 0:10:32]} 12. exf5
{[%clk 0:11:02]} gxf5 {[%clk 0:10:09]} 13. O-O {[%clk 0:09:15]} Nc6
{[%clk 0:08:36]} 14. Re1 {[%clk 0:08:34]} e4 {[%clk 0:08:28]} 15. Bxg7
{[%clk 0:07:58]} Kxg7 {[%clk 0:08:32]} 16. Qd2 {[%clk 0:08:02]} Qg6
{[%clk 0:08:11]} 17. Qf4 {[%clk 0:07:49]} Rf7 {[%clk 0:08:02]} 18. Rad1
{[%clk 0:07:51]} Be6 {[%clk 0:08:00]} 19. Ne5 {[%clk 0:07:33]} Nxe5
{[%clk 0:07:47]} 20. Qxe5+ {[%clk 0:07:36]} Qf6 {[%clk 0:07:52]} 21. Qxf6+
{[%clk 0:07:37]} Kxf6 {[%clk 0:07:56]} 22. f3 {[%clk 0:07:41]} exf3
{[%clk 0:07:43]} 23. Bxf3 {[%clk 0:07:44]} c6 {[%clk 0:07:31]} 24. Rd6
{[%clk 0:07:30]} Re7 {[%clk 0:07:35]} 25. Kf2 {[%clk 0:07:25]} a5
{[%clk 0:06:50]} 26. c4 {[%clk 0:07:14]} a4 {[%clk 0:06:01]} 27. b4
{[%clk 0:07:07]} a3 {[%clk 0:06:05]} 28. b5 {[%clk 0:05:46]} cxb5
{[%clk 0:04:25]} 29. cxb5 {[%clk 0:05:49]} Kf7 {[%clk 0:04:29]} 30. Bh5+
{[%clk 0:05:38]} Kf6 {[%clk 0:04:31]} 31. Rb6 {[%clk 0:05:29]} Rd8
{[%clk 0:04:19]} 32. Re2 {[%clk 0:05:08]} Rd5 {[%clk 0:04:02]} 33. Bf3 Re5 34.
Rd2 {[%clk 0:04:52]} Kf7 {[%clk 0:03:52]} 35. Bxb7 {[%clk 0:04:25]} Bc4
{[%clk 0:03:50]} 36. Bf3 {[%clk 0:04:25]} Bxb5 {[%clk 0:03:38]} 37. Rb8
{[%clk 0:04:19]} Bc4 {[%clk 0:03:33]} 38. Ra8 {[%clk 0:04:20]} Re3
{[%clk 0:03:14]} 39. Ra4 {[%clk 0:04:18]} Bb5 {[%clk 0:03:10]} 40. Ra5
{[%clk 0:04:20]} Rd3 {[%clk 0:02:27]} 41. Rxd3 {[%clk 0:04:07]} Bxd3
{[%clk 0:02:31]} 42. Rxa3 {[%clk 0:04:10]} Bb1 {[%clk 0:02:31]} 43. Bd5+
{[%clk 0:03:51]} Kf6 {[%clk 0:02:29]} 44. Ra6+ {[%clk 0:03:53]} Ke5
{[%clk 0:02:32]} 45. Ra5 {[%clk 0:03:54]} Kd4 {[%clk 0:02:33]} 46. Bb3
{[%clk 0:03:48]} Kc3 {[%clk 0:02:29]} 47. Rc5+ {[%clk 0:03:38]} Kb2
{[%clk 0:02:29]} 48. Rb5 {[%clk 0:03:36]} Kc3 {[%clk 0:02:18]} 49. Rd5
{[%clk 0:03:30]} Bd3 {[%clk 0:02:12]} 50. h4 {[%clk 0:03:28]} Re2+
{[%clk 0:01:51]} 51. Kf3 {[%clk 0:03:31]} Re7 {[%clk 0:01:51]} 52. Rd6
{[%clk 0:03:32]} Be4+ {[%clk 0:01:50]} 53. Kf4 {[%clk 0:03:35]} Rg7
{[%clk 0:01:52]} 54. Bd1 {[%clk 0:03:32]} Kb4 {[%clk 0:01:44]} 55. Bf3
{[%clk 0:03:25]} Bb1 {[%clk 0:01:47]} 56. Rb6+ {[%clk 0:03:28]} Ka3
{[%clk 0:01:46]} 57. Rxb1 {[%clk 0:03:31]} Kxa2 {[%clk 0:01:51]} 58. Rb5
{[%clk 0:03:34]} Ka3 {[%clk 0:01:53]} 59. Rxf5 {[%clk 0:03:31]} Kb4
{[%clk 0:01:57]} 60. Be4 {[%clk 0:03:33]} Kc4 {[%clk 0:02:00]} 61. Rh5
{[%clk 0:03:37]} Rf7+ {[%clk 0:02:02]} 62. Bf5 {[%clk 0:03:40]} Kd4
{[%clk 0:02:06]} 63. Rxh7 {[%clk 0:03:43]} Rf8 {[%clk 0:02:08]} 64. Rd7+
{[%clk 0:03:46]} Kc5 {[%clk 0:02:11]} 65. Rd1 {[%clk 0:03:49]} Rg8
{[%clk 0:02:14]} 66. g4 {[%clk 0:03:53]} Rh8 {[%clk 0:02:18]} 67. h5
{[%clk 0:03:57]} Kc6 {[%clk 0:02:23]} 68. Rd2 {[%clk 0:04:00]} Kc7
{[%clk 0:02:27]} 69. Kg5 {[%clk 0:04:04]} Rg8+ {[%clk 0:02:31]} 70. Bg6
{[%clk 0:04:08]} Rf8 {[%clk 0:02:35]} 71. h6 {[%clk 0:04:11]} Ra8
{[%clk 0:02:39]} 72. h7 Ra5+ 73. Bf5 {[%clk 0:04:18]} Ra8 {[%clk 0:02:47]} 74.
Kf6 {[%clk 0:04:19]} Kb6 {[%clk 0:02:46]} 75. Rd7 {[%clk 0:04:20]} Rf8+
{[%clk 0:02:41]} 76. Kg7 {[%clk 0:04:22]} Ra8 {[%clk 0:02:45]} 77. h8=Q
{[%clk 0:04:20]} Rxh8 {[%clk 0:02:50]} 78. Kxh8 {[%clk 0:04:23]} Kc6
{[%clk 0:02:55]} 79. Kg7 {[%clk 0:04:26]} Kc5 {[%clk 0:02:59]} 80. Kf6
{[%clk 0:04:30]} Kc4 {[%clk 0:03:03]} 81. Ke5 {[%clk 0:04:34]} Kc5
{[%clk 0:03:08]} 82. Rc7+ {[%clk 0:04:38]} Kb6 {[%clk 0:03:12]} 83. Kd6
{[%clk 0:04:42]} Kb5 {[%clk 0:03:16]} 84. g5 {[%clk 0:04:46]} Kb4
{[%clk 0:03:21]} 85. g6 {[%clk 0:04:50]} Kb3 {[%clk 0:03:25]} 86. g7
{[%clk 0:04:54]} Kb4 {[%clk 0:03:29]} 87. g8=R {[%clk 0:04:55]} Kb5
{[%clk 0:03:33]} 88. Rb8+ {[%clk 0:04:57]} Ka6 {[%clk 0:03:37]} 89. Bd3+
{[%clk 0:05:00]} Ka5 {[%clk 0:03:41]} 90. Ra7# {[%clk 0:05:04]} 1-0

[Event "Göteborg Open 2017"]
[Site "Mölnlycke kulturhus, Biblioteksgatan 2, Mölnlycke, Sweden"]
[Date "2017.08.18"]
[Round "2.4"]
[White "Antonsen, Mikkel"]
[Black "Andréasson, Vincent"]
[Result "1-0"]
[BlackElo "2006"]
[WhiteElo "2440"]
[LiveChessVersion "1.4.8"]

1. d4 {[%clk 0:15:07]} d5 {[%clk 0:15:08]} 2. Nf3 {[%clk 0:15:11]} c6
{[%clk 0:15:10]} 3. c4 {[%clk 0:15:15]} e6 {[%clk 0:15:13]} 4. e3
{[%clk 0:15:18]} f5 {[%clk 0:15:10]} 5. Bd3 {[%clk 0:15:19]} Nf6 {[%clk 0:15:13]}
6. O-O {[%clk 0:15:22]} Be7 {[%clk 0:14:56]} 7. b3 {[%clk 0:15:20]} O-O
{[%clk 0:14:56]} 8. Nc3 {[%clk 0:15:25]} Ne4 {[%clk 0:14:12]} 9. Bb2
{[%clk 0:15:25]} Nd7 {[%clk 0:14:15]} 10. Ne2 {[%clk 0:15:28]} Qe8
{[%clk 0:13:21]} 11. Rc1 {[%clk 0:15:17]} g5 {[%clk 0:12:20]} 12. Ne5
{[%clk 0:14:45]} Nxe5 {[%clk 0:12:06]} 13. dxe5 {[%clk 0:14:48]} g4
{[%clk 0:09:39]} 14. Nf4 {[%clk 0:14:43]} Kh8 {[%clk 0:08:18]} 15. Kh1
{[%clk 0:13:09]} Rg8 {[%clk 0:08:14]} 16. f3 {[%clk 0:12:21]} gxf3
{[%clk 0:08:03]} 17. gxf3 {[%clk 0:12:26]} Ng5 {[%clk 0:08:03]} 18. Rg1
{[%clk 0:12:02]} dxc4 {[%clk 0:07:15]} 19. bxc4 {[%clk 0:11:26]} c5
{[%clk 0:07:02]} 20. Bxf5 {[%clk 0:10:59]} Qc6 {[%clk 0:05:13]} 21. Bg4
{[%clk 0:11:00]} b6 {[%clk 0:04:39]} 22. Nd5 {[%clk 0:10:30]} Bd8
{[%clk 0:03:57]} 23. Nf6 {[%clk 0:10:13]} Bxf6 {[%clk 0:03:13]} 24. exf6
{[%clk 0:10:16]} Nf7 {[%clk 0:03:17]} 25. Bh5 {[%clk 0:09:22]} Rxg1+
{[%clk 0:03:07]} 26. Qxg1 {[%clk 0:09:21]} 1-0

[Event "Göteborg Open 2017"]
[Site "Mölnlycke kulturhus, Biblioteksgatan 2, Mölnlycke, Sweden"]
[Date "2017.08.18"]
[Round "2.5"]
[White "Törngren, Gustav"]
[Black "Rosberg, Simon"]
[Result "0-1"]
[BlackElo "2318"]
[WhiteElo "1920"]
[LiveChessVersion "1.4.8"]

1. d4 {[%clk 0:15:06]} d5 {[%clk 0:15:09]} 2. c4 {[%clk 0:15:09]} c6
{[%clk 0:15:13]} 3. Nc3 {[%clk 0:15:13]} Nf6 {[%clk 0:15:14]} 4. Nf3
{[%clk 0:15:15]} dxc4 {[%clk 0:15:17]} 5. e3 {[%clk 0:14:50]} b5 {[%clk 0:15:19]}
6. a4 {[%clk 0:14:54]} b4 {[%clk 0:15:23]} 7. Nb1 {[%clk 0:14:48]} Ba6
{[%clk 0:15:10]} 8. Ne5 {[%clk 0:14:13]} Qd5 {[%clk 0:13:12]} 9. f3
{[%clk 0:13:04]} e6 {[%clk 0:12:49]} 10. e4 {[%clk 0:11:13]} Nxe4
{[%clk 0:12:20]} 11. fxe4 {[%clk 0:10:54]} Qxe4+ {[%clk 0:12:24]} 12. Kf2
{[%clk 0:10:44]} Nd7 {[%clk 0:09:58]} 13. Nxc4 {[%clk 0:09:45]} Nf6
{[%clk 0:09:46]} 14. Ne5 {[%clk 0:07:29]} Bb7 {[%clk 0:07:59]} 15. Be3
{[%clk 0:06:58]} Bd6 {[%clk 0:07:41]} 16. Bd3 {[%clk 0:04:13]} Qh4+
{[%clk 0:06:31]} 17. g3 {[%clk 0:04:03]} Qh3 {[%clk 0:06:36]} 18. Qf3
{[%clk 0:03:48]} Bxe5 {[%clk 0:06:30]} 19. dxe5 {[%clk 0:03:52]} Ng4+
{[%clk 0:06:34]} 20. Ke1 {[%clk 0:01:35]} Nxe5 {[%clk 0:06:27]} 21. Qe4
{[%clk 0:01:18]} Nxd3+ {[%clk 0:06:26]} 22. Qxd3 {[%clk 0:01:22]} O-O
{[%clk 0:06:03]} 23. Nd2 {[%clk 0:01:24]} Rad8 {[%clk 0:05:37]} 24. Qe4
{[%clk 0:01:20]} Rd5 {[%clk 0:05:21]} 25. Rf1 {[%clk 0:00:14]} Qxh2
{[%clk 0:02:28]} 26. Bf4 {[%clk 0:00:12]} f5 {[%clk 0:00:35]} 27. Qxe6+
{[%clk 0:00:16]} Kh8 {[%clk 0:00:39]} 28. Qe2 {[%clk 0:00:11]} Qh3
{[%clk 0:00:36]} 29. Rc1 {[%clk 0:00:10]} c5 {[%clk 0:00:39]} 30. Nf3
{[%clk 0:00:10]} Rdd8 {[%clk 0:00:30]} 31. Ng5 {[%clk 0:00:07]} Qg4
{[%clk 0:00:21]} 32. Qxg4 {[%clk 0:00:10]} fxg4 {[%clk 0:00:25]} 33. Kf2
{[%clk 0:00:09]} Rd2+ {[%clk 0:00:27]} 34. Ke3 {[%clk 0:00:12]} Rxb2
{[%clk 0:00:27]} 35. Rxc5 {[%clk 0:00:15]} h6 {[%clk 0:00:31]} 36. Rc7
{[%clk 0:00:07]} Ba6 {[%clk 0:00:34]} 37. Rh1 {[%clk 0:00:09]} Re2+
{[%clk 0:00:35]} 38. Kd4 {[%clk 0:00:13]} Kg8 {[%clk 0:00:35]} 39. Be5
{[%clk 0:00:11]} Rd8+ {[%clk 0:00:35]} 40. Kc5 {[%clk 0:00:06]} Rxe5+
{[%clk 0:00:39]} 41. Kxb4 {[%clk 0:00:10]} Rxg5 {[%clk 0:00:43]} 42. Rxa7
{[%clk 0:00:11]} Be2 {[%clk 0:00:43]} 43. Re1 {[%clk 0:00:12]} Bf3
{[%clk 0:00:45]} 44. Ree7 {[%clk 0:00:11]} h5 {[%clk 0:00:45]} 45. Rac7
{[%clk 0:00:09]} Rg6 {[%clk 0:00:47]} 46. Re5 {[%clk 0:00:08]} h4
{[%clk 0:00:48]} 47. gxh4 {[%clk 0:00:09]} g3 {[%clk 0:00:51]} 48. Rc1
{[%clk 0:00:06]} g2 {[%clk 0:00:55]} 49. Rg5 {[%clk 0:00:07]} Rxg5
{[%clk 0:00:54]} 50. hxg5 {[%clk 0:00:10]} Bd1 {[%clk 0:00:58]} 0-1

[Event "Göteborg Open 2017"]
[Site "Mölnlycke kulturhus, Biblioteksgatan 2, Mölnlycke, Sweden"]
[Date "2017.08.18"]
[Round "2.6"]
[White "Ziegler, Ari"]
[Black "Degerfeldt, Sven"]
[Result "1-0"]
[BlackElo "1950"]
[WhiteElo "2318"]
[LiveChessVersion "1.4.8"]

1. e4 {[%clk 0:15:07]} c5 {[%clk 0:15:08]} 2. Nf3 {[%clk 0:15:11]} d6
{[%clk 0:15:12]} 3. Bb5+ {[%clk 0:15:15]} Bd7 {[%clk 0:15:15]} 4. Bxd7+
{[%clk 0:15:18]} Qxd7 {[%clk 0:15:19]} 5. O-O {[%clk 0:15:20]} g6
{[%clk 0:15:23]} 6. c3 {[%clk 0:15:13]} Bg7 {[%clk 0:15:23]} 7. d4
{[%clk 0:15:15]} cxd4 {[%clk 0:15:20]} 8. cxd4 {[%clk 0:15:19]} e6
{[%clk 0:15:08]} 9. Nc3 {[%clk 0:15:20]} Ne7 {[%clk 0:15:01]} 10. Bf4
{[%clk 0:15:16]} a6 {[%clk 0:15:01]} 11. Rc1 {[%clk 0:15:04]} O-O
{[%clk 0:15:04]} 12. Na4 {[%clk 0:14:37]} Qd8 {[%clk 0:14:04]} 13. Qb3
{[%clk 0:14:17]} b5 {[%clk 0:13:58]} 14. Nc3 {[%clk 0:14:14]} Nbc6
{[%clk 0:13:58]} 15. Rfd1 {[%clk 0:13:55]} Qb8 {[%clk 0:12:00]} 16. d5
{[%clk 0:13:33]} Na5 {[%clk 0:11:56]} 17. Qb4 {[%clk 0:11:37]} e5
{[%clk 0:11:25]} 18. Bxe5 {[%clk 0:10:56]} Bxe5 {[%clk 0:11:10]} 19. Nxe5
{[%clk 0:10:57]} dxe5 {[%clk 0:11:10]} 20. Qxe7 {[%clk 0:10:56]} Ra7
{[%clk 0:10:51]} 21. Qf6 {[%clk 0:10:30]} Nc4 {[%clk 0:10:10]} 22. b3
{[%clk 0:10:23]} Nd6 {[%clk 0:10:11]} 23. f3 {[%clk 0:09:01]} Ne8
{[%clk 0:09:24]} 24. Qh4 {[%clk 0:08:56]} f5 {[%clk 0:09:15]} 25. exf5
{[%clk 0:08:47]} Rxf5 {[%clk 0:09:15]} 26. Ne4 {[%clk 0:08:46]} Rg7
{[%clk 0:08:46]} 27. d6 {[%clk 0:08:16]} Rd7 {[%clk 0:08:16]} 28. Rc6
{[%clk 0:07:31]} Kg7 {[%clk 0:06:39]} 29. Rdc1 {[%clk 0:07:17]} Rf4
{[%clk 0:04:51]} 30. Qg5 {[%clk 0:06:19]} Rf5 {[%clk 0:04:18]} 31. Qd2
{[%clk 0:06:20]} Qa7+ {[%clk 0:03:48]} 32. Kh1 {[%clk 0:06:20]} Qd4
{[%clk 0:03:52]} 33. Qc2 {[%clk 0:02:26]} Qe3 {[%clk 0:00:57]} 34. Rc7
{[%clk 0:01:48]} Rff7 {[%clk 0:01:01]} 35. Rxd7 {[%clk 0:01:51]} Rxd7
{[%clk 0:01:05]} 36. Rd1 {[%clk 0:01:51]} Qb6 {[%clk 0:00:58]} 37. Qd2
{[%clk 0:01:48]} a5 {[%clk 0:00:56]} 38. h4 {[%clk 0:01:51]} h6 {[%clk 0:00:44]}
39. h5 {[%clk 0:01:54]} g5 {[%clk 0:00:48]} 40. Qd5 {[%clk 0:01:59]} Nf6
{[%clk 0:00:33]} 41. Qe6 {[%clk 0:02:03]} Rf7 {[%clk 0:00:34]} 42. Qf5
{[%clk 0:01:57]} Nxh5 {[%clk 0:00:29]} 43. Qxe5+ {[%clk 0:01:59]} Kh7
{[%clk 0:00:27]} 44. d7 {[%clk 0:01:52]} Rxf3 {[%clk 0:00:23]} 45. Qh8+
{[%clk 0:01:11]} Kxh8 {[%clk 0:00:22]} 46. d8=Q+ {[%clk 0:01:15]} Qxd8
{[%clk 0:00:25]} 47. Rxd8+ {[%clk 0:01:19]} Rf1+ {[%clk 0:00:18]} 1-0

[Event "Göteborg Open 2017"]
[Site "Mölnlycke kulturhus, Biblioteksgatan 2, Mölnlycke, Sweden"]
[Date "2017.08.18"]
[Round "2.7"]
[White "Hattab, Hashim"]
[Black "Rydström, Tom"]
[Result "0-1"]
[BlackElo "2301"]
[WhiteElo "1885"]
[LiveChessVersion "1.4.8"]

1. d4 {[%clk 0:15:08]} b6 {[%clk 0:15:09]} 2. e4 {[%clk 0:15:11]} Bb7
{[%clk 0:15:13]} 3. Bd3 {[%clk 0:15:14]} e6 {[%clk 0:15:17]} 4. Ne2
{[%clk 0:15:07]} c5 {[%clk 0:15:21]} 5. c3 {[%clk 0:15:10]} Nf6 {[%clk 0:15:15]}
6. Ng3 {[%clk 0:15:04]} d5 {[%clk 0:15:11]} 7. e5 {[%clk 0:15:04]} Nfd7
{[%clk 0:15:14]} 8. O-O {[%clk 0:15:07]} Nc6 {[%clk 0:15:18]} 9. Be3
{[%clk 0:14:31]} Rc8 {[%clk 0:15:13]} 10. Nd2 {[%clk 0:14:26]} Be7
{[%clk 0:14:57]} 11. Qh5 {[%clk 0:14:13]} g6 {[%clk 0:14:50]} 12. Qh6
{[%clk 0:14:13]} Bf8 {[%clk 0:14:44]} 13. Qf4 {[%clk 0:14:06]} Bg7
{[%clk 0:13:48]} 14. h4 {[%clk 0:14:02]} h5 {[%clk 0:13:07]} 15. Nf3
{[%clk 0:13:41]} Qe7 {[%clk 0:11:28]} 16. Ng5 {[%clk 0:13:39]} cxd4
{[%clk 0:11:05]} 17. cxd4 {[%clk 0:13:36]} Nb4 {[%clk 0:11:00]} 18. Bb5
{[%clk 0:12:52]} Ba6 {[%clk 0:10:46]} 19. Bxa6 {[%clk 0:12:23]} Nxa6
{[%clk 0:10:50]} 20. Rac1 {[%clk 0:12:18]} Rxc1 {[%clk 0:10:04]} 21. Rxc1
{[%clk 0:12:17]} O-O {[%clk 0:10:07]} 22. a3 {[%clk 0:12:14]} f6 {[%clk 0:10:01]}
23. exf6 {[%clk 0:10:58]} Rxf6 {[%clk 0:09:55]} 24. Rc8+ {[%clk 0:10:51]} Bf8
{[%clk 0:09:52]} 25. Nxe6 {[%clk 0:09:25]} Rxf4 {[%clk 0:09:03]} 26. Nxf4
{[%clk 0:09:27]} Qd6 {[%clk 0:08:10]} 27. Nd3 {[%clk 0:09:05]} Kg7
{[%clk 0:05:47]} 28. b4 {[%clk 0:08:46]} Be7 {[%clk 0:05:30]} 29. Nf4
{[%clk 0:07:58]} Nf6 {[%clk 0:05:31]} 30. Nd3 {[%clk 0:07:31]} Qd7
{[%clk 0:05:25]} 31. Rc1 {[%clk 0:07:04]} Qa4 {[%clk 0:05:18]} 32. Ne5
{[%clk 0:06:24]} Ne4 {[%clk 0:04:59]} 33. Nxe4 {[%clk 0:06:08]} dxe4
{[%clk 0:05:03]} 34. Rc3 {[%clk 0:05:27]} Bxh4 {[%clk 0:04:49]} 35. Nc6
{[%clk 0:05:02]} Nc7 {[%clk 0:04:17]} 36. Ne5 {[%clk 0:03:54]} Nd5
{[%clk 0:04:17]} 37. Rc8 {[%clk 0:03:27]} Bf6 {[%clk 0:04:08]} 38. Nc4
{[%clk 0:01:20]} Qd1+ {[%clk 0:03:45]} 39. Kh2 {[%clk 0:01:15]} Bxd4
{[%clk 0:02:47]} 40. Rd8 {[%clk 0:00:52]} Nxe3 {[%clk 0:02:32]} 41. Rd7+
{[%clk 0:00:19]} Kh6 {[%clk 0:02:35]} 42. fxe3 {[%clk 0:00:17]} b5
{[%clk 0:02:08]} 43. Rxd4 {[%clk 0:00:13]} Qxd4 {[%clk 0:01:35]} 0-1

[Event "Göteborg Open 2017"]
[Site "Mölnlycke kulturhus, Biblioteksgatan 2, Mölnlycke, Sweden"]
[Date "2017.08.18"]
[Round "2.8"]
[White "Åkesson, Joel"]
[Black "Andersson, Stig"]
[Result "1-0"]
[BlackElo "1871"]
[WhiteElo "2296"]
[LiveChessVersion "1.4.8"]

1. c4 {[%clk 0:15:09]} Nf6 {[%clk 0:15:04]} 2. g3 {[%clk 0:15:08]} g6
{[%clk 0:15:05]} 3. Bg2 {[%clk 0:15:10]} Bg7 {[%clk 0:15:07]} 4. Nc3
{[%clk 0:15:10]} c5 {[%clk 0:15:09]} 5. a3 {[%clk 0:15:06]} Nc6 {[%clk 0:15:01]}
6. Rb1 {[%clk 0:15:05]} O-O {[%clk 0:14:45]} 7. b4 {[%clk 0:14:49]} cxb4
{[%clk 0:14:20]} 8. axb4 {[%clk 0:14:50]} d6 {[%clk 0:13:54]} 9. Nf3
{[%clk 0:12:59]} Ng4 {[%clk 0:13:40]} 10. O-O {[%clk 0:11:47]} Nge5
{[%clk 0:12:26]} 11. Nxe5 {[%clk 0:11:33]} Nxe5 {[%clk 0:12:27]} 12. Qb3
{[%clk 0:11:34]} Rb8 {[%clk 0:11:47]} 13. d4 {[%clk 0:10:07]} Nc6
{[%clk 0:11:36]} 14. e3 {[%clk 0:10:10]} Bf5 {[%clk 0:10:47]} 15. Ra1
{[%clk 0:10:04]} Qb6 {[%clk 0:09:59]} 16. Nd5 {[%clk 0:09:34]} Qd8
{[%clk 0:10:00]} 17. b5 {[%clk 0:07:45]} e6 {[%clk 0:09:51]} 18. Nc3
{[%clk 0:06:55]} Na5 {[%clk 0:07:48]} 19. Qb4 {[%clk 0:06:55]} b6
{[%clk 0:07:48]} 20. e4 {[%clk 0:06:40]} Bxd4 {[%clk 0:07:48]} 21. exf5
{[%clk 0:06:35]} Bc5 {[%clk 0:07:43]} 22. Qa4 {[%clk 0:06:28]} gxf5
{[%clk 0:07:40]} 23. Ne2 {[%clk 0:05:50]} Qf6 {[%clk 0:07:19]} 24. Bd2
{[%clk 0:05:44]} Qb2 {[%clk 0:06:09]} 25. Bxa5 {[%clk 0:05:21]} bxa5
{[%clk 0:05:53]} 26. Nf4 {[%clk 0:05:21]} Qb4 {[%clk 0:05:43]} 27. Nd3
{[%clk 0:05:15]} Qxa4 {[%clk 0:05:26]} 28. Rxa4 {[%clk 0:05:17]} Bb6
{[%clk 0:05:29]} 29. Rd1 {[%clk 0:05:19]} Rfd8 {[%clk 0:05:22]} 30. Nc1
{[%clk 0:05:11]} Kg7 {[%clk 0:05:17]} 31. Nb3 {[%clk 0:05:15]} Kf6
{[%clk 0:04:33]} 32. Nxa5 {[%clk 0:05:16]} Bxa5 {[%clk 0:04:33]} 33. Rxa5
{[%clk 0:05:20]} d5 {[%clk 0:04:36]} 34. cxd5 {[%clk 0:05:16]} Rd7
{[%clk 0:04:17]} 35. d6 {[%clk 0:05:15]} Rb6 {[%clk 0:04:18]} 36. Bc6
{[%clk 0:05:14]} 1-0

[Event "Göteborg Open 2017"]
[Site "Mölnlycke kulturhus, Biblioteksgatan 2, Mölnlycke, Sweden"]
[Date "2017.08.18"]
[Round "2.9"]
[White "Westergren, Bertil"]
[Black "Nyberg, Ulf"]
[Result "1/2-1/2"]
[BlackElo "2183"]
[WhiteElo "1863"]
[LiveChessVersion "1.4.8"]

1. d4 {[%clk 0:15:06]} Nf6 {[%clk 0:14:44]} 2. c4 {[%clk 0:15:07]} e6
{[%clk 0:14:37]} 3. Nf3 {[%clk 0:15:05]} d5 {[%clk 0:14:05]} 4. Bg5
{[%clk 0:14:43]} Bb4+ {[%clk 0:13:25]} 5. Nc3 {[%clk 0:14:15]} Nbd7
{[%clk 0:12:13]} 6. e3 {[%clk 0:13:57]} O-O {[%clk 0:11:57]} 7. Rc1
{[%clk 0:13:11]} h6 {[%clk 0:11:02]} 8. Bh4 {[%clk 0:12:51]} c5 {[%clk 0:11:00]}
9. a3 {[%clk 0:12:40]} Bxc3+ {[%clk 0:10:48]} 10. Rxc3 {[%clk 0:12:04]} g5
{[%clk 0:09:48]} 11. Bg3 {[%clk 0:11:54]} Ne4 {[%clk 0:09:48]} 12. Rc2
{[%clk 0:11:50]} Qa5+ {[%clk 0:09:31]} 13. Nd2 {[%clk 0:11:26]} f5
{[%clk 0:07:56]} 14. f3 {[%clk 0:11:00]} Nxd2 {[%clk 0:07:15]} 15. Qxd2
{[%clk 0:10:51]} Qxd2+ {[%clk 0:07:07]} 16. Rxd2 {[%clk 0:10:28]} cxd4
{[%clk 0:06:32]} 17. Rxd4 {[%clk 0:10:17]} Nf6 {[%clk 0:06:22]} 18. Bd6
{[%clk 0:09:29]} Re8 {[%clk 0:05:59]} 19. c5 {[%clk 0:09:29]} e5 {[%clk 0:05:51]}
20. Rd2 {[%clk 0:09:02]} Bd7 {[%clk 0:05:51]} 21. Bd3 {[%clk 0:07:43]} e4
{[%clk 0:05:27]} 22. fxe4 {[%clk 0:07:41]} fxe4 {[%clk 0:05:22]} 23. Be2
{[%clk 0:07:34]} Rac8 {[%clk 0:05:02]} 24. O-O {[%clk 0:07:30]} Kg7
{[%clk 0:04:53]} 25. b4 {[%clk 0:07:25]} Re6 {[%clk 0:04:32]} 26. Rb1
{[%clk 0:06:44]} Kg6 {[%clk 0:03:49]} 27. h3 {[%clk 0:06:08]} Ree8
{[%clk 0:03:19]} 28. Rd4 {[%clk 0:05:00]} a6 {[%clk 0:02:40]} 29. Rf1
{[%clk 0:04:23]} Bb5 {[%clk 0:02:30]} 30. Re1 {[%clk 0:04:03]} Bxe2
{[%clk 0:02:24]} 31. Rxe2 {[%clk 0:04:07]} 1/2-1/2

[Event "Göteborg Open 2017"]
[Site "Mölnlycke kulturhus, Biblioteksgatan 2, Mölnlycke, Sweden"]
[Date "2017.08.18"]
[Round "2.10"]
[White "Nilsson, Joakim"]
[Black "Sundqvist, Jan-Ove"]
[Result "1-0"]
[BlackElo "1858"]
[WhiteElo "2126"]
[LiveChessVersion "1.4.8"]

1. Nf3 {[%clk 0:15:07]} d5 {[%clk 0:14:55]} 2. b3 {[%clk 0:15:11]} Bg4
{[%clk 0:13:59]} 3. e3 {[%clk 0:15:11]} e6 {[%clk 0:13:50]} 4. Bb2
{[%clk 0:15:15]} f5 {[%clk 0:13:38]} 5. Be2 {[%clk 0:15:05]} Nf6 {[%clk 0:13:39]}
6. Ne5 {[%clk 0:15:00]} Bxe2 {[%clk 0:13:34]} 7. Qxe2 {[%clk 0:15:03]} c6
{[%clk 0:13:21]} 8. d3 {[%clk 0:14:57]} Nbd7 {[%clk 0:13:15]} 9. Nd2
{[%clk 0:14:57]} Nxe5 {[%clk 0:13:13]} 10. Bxe5 {[%clk 0:15:00]} Bd6
{[%clk 0:13:06]} 11. Bb2 {[%clk 0:14:55]} a5 {[%clk 0:12:34]} 12. a3
{[%clk 0:14:55]} O-O {[%clk 0:11:51]} 13. Nf3 {[%clk 0:14:53]} Qe7
{[%clk 0:10:58]} 14. Ne5 {[%clk 0:14:37]} Nd7 {[%clk 0:09:32]} 15. Nxd7
{[%clk 0:12:52]} Qxd7 {[%clk 0:09:36]} 16. f4 {[%clk 0:11:18]} b5
{[%clk 0:08:58]} 17. O-O {[%clk 0:11:15]} Qa7 {[%clk 0:07:24]} 18. Rf3
{[%clk 0:10:18]} Rf7 {[%clk 0:07:08]} 19. a4 {[%clk 0:09:57]} b4 {[%clk 0:06:45]}
20. Raf1 {[%clk 0:09:42]} Re8 {[%clk 0:06:31]} 21. Qf2 {[%clk 0:09:03]} c5
{[%clk 0:05:52]} 22. Rh3 {[%clk 0:08:20]} Be7 {[%clk 0:05:07]} 23. Be5
{[%clk 0:08:01]} Bf6 {[%clk 0:04:52]} 24. Bxf6 {[%clk 0:07:53]} Rxf6
{[%clk 0:04:54]} 25. e4 {[%clk 0:06:47]} Qc7 {[%clk 0:01:28]} 26. Re3
{[%clk 0:06:12]} c4 {[%clk 0:01:08]} 27. exd5 {[%clk 0:06:07]} cxb3
{[%clk 0:00:59]} 28. cxb3 {[%clk 0:06:10]} Qc5 {[%clk 0:00:46]} 29. dxe6
{[%clk 0:05:43]} Qc3 {[%clk 0:00:19]} 30. Qe2 {[%clk 0:03:46]} Qd4
{[%clk 0:00:23]} 31. Kh1 {[%clk 0:03:38]} Rg6 {[%clk 0:00:23]} 32. e7
{[%clk 0:03:03]} Qd5 {[%clk 0:00:26]} 33. Rg3 {[%clk 0:02:58]} Re6
{[%clk 0:00:24]} 34. Qb2 {[%clk 0:02:07]} R8xe7 {[%clk 0:00:28]} 35. h3
{[%clk 0:02:01]} Qb7 {[%clk 0:00:27]} 36. Kh2 {[%clk 0:01:59]} h5
{[%clk 0:00:31]} 37. Qd4 {[%clk 0:01:46]} Qc7 {[%clk 0:00:18]} 38. Qd5
{[%clk 0:01:39]} Kh8 {[%clk 0:00:13]} 39. Qxf5 {[%clk 0:01:39]} h4
{[%clk 0:00:07]} 40. Rg5 {[%clk 0:01:23]} Rh6 {[%clk 0:00:08]} 41. Qxa5
{[%clk 0:01:05]} 1-0